Alessandro Ricci et il suo giornale dei viaggi /

Saved in:

Main Author: Samarco, Angelo. (Author)

Other Authors: Ricci, Alessandro, 1943-

Format: Book

Language: Italian

Published: Cairo, Egypt : Societe Royale de geographie d'Egypte, 1930.

Series: Jamʻiyah al-Jughrāfīyah al-Miṣriyah. Publications speciales.

Subjects:

Tags: Add Tag

No Tags, Be the first to tag this record!

Call Number: DT53 .S2 v.2

LEADER 00953namaa2200277 4500
001 18929
003 OSt
005 20260326103323.0
008 130303s1930 ua efh 000 0aita d
010 |a 84067940 
040 |c ARCE Library 
043 |a f-ua--- 
050 4 |a DT53 .S2 v.2 
100 1 |a Samarco, Angelo.  |9 39141  |e author 
245 1 0 |a Alessandro Ricci et il suo giornale dei viaggi /  |c Angelo Samarco. 
264 1 |a Cairo, Egypt :   |b Societe Royale de geographie d'Egypte,   |c 1930. 
300 |a volume <2> :   |b plates, plans, facsimiles ;   |c 28 cm. 
490 1 |a Jamʻīyah al-Jughrāfīyah al-Miṣrīyah. Publications spéciales. 
505 0 |g volume 2.  |t Documenti inediti o rari. 
651 0 |a Egypt  |x Description and travel. 
651 0 |a Egypt  |x Antiquities. 
700 1 |a Ricci, Alessandro,   |d 1943- 
830 0 |a Jamʻiyah al-Jughrāfīyah al-Miṣriyah.  |p Publications speciales. 
901 |a reviewed 
942 |c BK  |2 lcc 
999 |c 15982  |d 15982